00782aas a2200205 4500952009000000999001700090001001000107003001000117005001700127008004100144022001400185040004100199041000800240245004100248300004500289520015200334650001300486773006900499942000800568 001040708HEMaFUSBCbFUSBCd2016-01-26l0o r2016-01-26 00:00:00w2016-01-26yANA c63507d63507768714001CO-MdFUSB20171026164206.0171026s2010 ck ||||| |||| 00| 0 spa d a2145-8197 aCO-MdFUSBbspacCO-MdFUSBdCO-MdFUSB aspa 0aColombia 5, Argentina 0c/ El Tiempo aNúmero 9 (2010), página 16c: 28 cm.1 aLa selección nacional se ha lucido en un partido que la vaticina como un a de las preferidas para el mundial, pero allí todo será un fracaso.14aHISTORIA0 tdk100049432959930gNúmero 9 (2010), página 16qPágina 16 cANA